00706nam a2200229Ia 4500003000400000005001700004008004100021020001300062040000700075082001400082100001600096245004000112250000700152260004100159300002900200500001900229600002100248650005000269942001200319952013000331999001500461OSt20241007070631.0240925s9999 xx 000 0 und d a70531439 csd a004.6 REI aNeil , Reid 0a802-11 (Wi-Fi) Networking Handbook  aNA aNew Delhi:bTata McGraw Hillc,2003. axxxiv,973p.bNAfPirated aIncludes Index aComputer Science aComputer science, information & general works cBK2ddc 001040708CSaUITUbUITUd2005-01-18eRoyal Book Company g995.00l0o004.6 REIpQ6025r2024-09-25 07:14:03w2024-09-25yBK c8524d8524